[Event "DSJ Weihnachtsturnier U16: Steinitz 2020"]
[Site ""]
[Date "2020.12.28"]
[Round "5"]
[White "Kirchner, Bao Long Marc"]
[Black "Focke, Yannick"]
[Result "0-1"]
[Termination "normal"]
[Board "12.2"]
[WhiteElo "1312"]
[BlackElo "1462"]
[WhiteTeam "TuS Makkabi Rostock 2"]
[BlackTeam "SF Schwerin"]
[PlyCount "74"]
[EventRounds "7"]
[EventType "team-swiss"]
[EventDate "2020.12.28"]

1. e4 {[%emt 0:01:58]} c5 {[%emt 0:00:08]} 2. Nf3 { [%emt 0:00:02]} e6 {[%emt
0:00:03]} 3. d4 {[%emt 0:00:06]} cxd4 {[%emt 0:00:08] } 4. Nxd4 {[%emt
0:00:02]} a6 {[%emt 0:00:03]} 5. c4 {[%emt 0:00:06]} Qc7 { [%emt 0:00:04]} 6.
Nc3 {[%emt 0:00:11]} d6 {[%emt 0:00:07]} 7. Be3 {[%emt 0:00:22]} Nf6 {[%emt
0:00:23]} 8. f3 {[%emt 0:00:06]} Nbd7 {[%emt 0:00:06]} 9. Qd2 { [%emt 0:00:13]}
b6 {[%emt 0:00:13]} 10. Be2 {[%emt 0:00:03]} Bb7 {[%emt 0:00:03]} 11. O-O
{[%emt 0:00:08]} Be7 {[%emt 0:00:13]} 12. b3 {[%emt 0:00:15]} O-O {[%emt
0:00:07]} 13. Rad1 {[%emt 0:00:02]} Rac8 {[%emt 0:00:15]} 14. f4 { [%emt
0:00:21]} Nxe4 {[%emt 0:00:17]} 15. Nxe4 {[%emt 0:00:02]} Bxe4 {[%emt 0:00:02]
Rostock3-002 reconnected.} 16. f5 {[%emt 0:00:51]} exf5 {[%emt 0:00:31]} 17.
Nxf5 {[%emt 0:00:02]} Bxf5 {[%emt 0:00:06]} 18. Rxf5 {[%emt 0:00:00]} Nf6 {
[%emt 0:00:17]} 19. Bd4 {[%emt 0:00:17]} Rcd8 {[%emt 0:00:39]} 20. Qg5 { [%emt
0:00:06]} h6 {[%emt 0:00:47]} 21. Qg4 {[%emt 0:00:19]} Nxg4 {[%emt 0:00:11]}
22. Bxg4 {[%emt 0:00:30]} g6 {[%emt 0:00:35]} 23. Rf4 {[%emt 0:00:05]} Bg5
{[%emt 0:00:09]} 24. Rf3 {[%emt 0:00:08]} Rfe8 {[%emt 0:00:29]} 25. h4 { [%emt
0:00:05]} Bxh4 {[%emt 0:00:14]} 26. g3 {[%emt 0:00:05]} Bg5 {[%emt 0:00:09]}
27. Bf6 {[%emt 0:00:03]} Bxf6 {[%emt 0:00:11]} 28. Rxf6 {[%emt 0:00:00]} Qc5+
{[%emt 0:00:14]} 29. Kh2 {[%emt 0:00:07]} Qg5 {[%emt 0:00:22]} 30. Rf4 { [%emt
0:00:05]} f5 {[%emt 0:00:23]} 31. Bf3 {[%emt 0:00:07]} Re3 {[%emt 0:00:18]} 32.
Bd5+ {[%emt 0:00:04]} Kg7 {[%emt 0:00:09]} 33. Rg1 {[%emt 0:00:08]} Re2+ {[%emt
0:00:29]} 34. Kh3 {[%emt 0:00:07]} Rde8 {[%emt 0:00:22]} 35. Bc6 { [%emt
0:00:18]} R8e3 {[%emt 0:00:12]} 36. Bf3 {[%emt 0:00:23]} Rf2 {[%emt 0:00:13]}
37. Bg2 {[%emt 0:00:13]} Qxg3# {[%emt 0:00:05]} 0-1

[Event "DSJ Weihnachtsturnier U16: Steinitz 2020"]
[Site ""]
[Date "2020.12.28"]
[Round "5"]
[White "Maeno, Yosuke"]
[Black "Köpnick, Amanda"]
[Result "0-1"]
[Termination "normal"]
[Board "12.3"]
[WhiteElo "1399"]
[BlackElo "1123"]
[WhiteTeam "SF Schwerin"]
[BlackTeam "TuS Makkabi Rostock 2"]
[PlyCount "54"]
[BlackFideId "34618538"]
[EventRounds "7"]
[EventType "team-swiss"]
[EventDate "2020.12.28"]

1. Nf3 {[%emt 0:00:02]} d5 {[%emt 0:00:09]} 2. c4 {[%emt 0:00:03]} dxc4 { [%emt
0:00:05]} 3. Na3 {[%emt 0:00:05]} Nf6 {[%emt 0:00:06]} 4. g3 {[%emt 0:00:04]}
e6 {[%emt 0:00:02]} 5. Nxc4 {[%emt 0:00:07]} Bc5 {[%emt 0:00:09]} 6. Bg2 {
[%emt 0:00:12]} O-O {[%emt 0:00:03]} 7. O-O {[%emt 0:00:04]} Nc6 {[%emt
0:00:07]} 8. d3 {[%emt 0:00:28]} Nd4 {[%emt 0:00:05]} 9. Be3 {[%emt 0:00:30]}
Nxf3+ {[%emt 0:00:06]} 10. Bxf3 {[%emt 0:00:09]} Bxe3 {[%emt 0:00:03]} 11. Nxe3
{ [%emt 0:00:02]} c6 {[%emt 0:00:06]} 12. Nc4 {[%emt 0:00:08]} a6 {[%emt
0:00:20] } 13. a4 {[%emt 0:00:06]} Rb8 {[%emt 0:00:06]} 14. Qc2 {[%emt
0:00:18]} b5 { [%emt 0:00:06]} 15. axb5 {[%emt 0:00:08]} cxb5 {[%emt 0:00:02]}
16. Ne5 { [%emt 0:00:13]} Qd6 {[%emt 0:00:21]} 17. Nc6 {[%emt 0:00:11]} Rb6
{[%emt 0:00:19]} 18. e3 {[%emt 0:00:20]} Bb7 {[%emt 0:00:07]} 19. Nd4 {[%emt
0:00:33]} Bxf3 {[%emt 0:00:04]} 20. Nxf3 {[%emt 0:00:04]} Rc6 {[%emt 0:00:11]}
21. Qe2 { [%emt 0:00:29]} Rfc8 {[%emt 0:00:07]} 22. Nd4 {[%emt 0:00:08]} Rc5
{[%emt 0:00:10]} 23. Nb3 {[%emt 0:00:14]} Rc2 {[%emt 0:00:06]} 24. Qd1 {[%emt
0:00:04]} Rxb2 {[%emt 0:00:06]} 25. Rc1 {[%emt 0:00:06]} Rxc1 {[%emt 0:00:13]}
26. Qxc1 { [%emt 0:00:01]} Rxb3 {[%emt 0:00:03]} 27. Qc6 {[%emt 0:00:04]} Qxc6
{[%emt 0:00:02]} 0-1

[Event "DSJ Weihnachtsturnier U16: Steinitz 2020"]
[Site ""]
[Date "2020.12.28"]
[Round "5"]
[White "Hix, Jonathan"]
[Black "Eisenschink, Fabian"]
[Result "0-1"]
[Termination "normal"]
[Board "13.3"]
[WhiteElo "795"]
[BlackElo "795"]
[WhiteTeam "SGem Aschheim/Feldkirchen/Kirchheim 2"]
[BlackTeam "SK Kelheim 1920"]
[PlyCount "88"]
[WhiteFideId "34634630"]
[EventRounds "7"]
[EventType "team-swiss"]
[EventDate "2020.12.28"]

1. d3 {[%emt 0:00:14]} e5 {[%emt 0:00:12]} 2. e4 {[%emt 0:00:07]} Nf6 {[%emt
0:00:06]} 3. Nc3 {[%emt 0:00:05]} Bb4 {[%emt 0:00:03]} 4. Bd2 {[%emt 0:00:05]}
O-O {[%emt 0:00:03]} 5. Nf3 {[%emt 0:00:05]} d6 {[%emt 0:00:04]} 6. a3 { [%emt
0:00:16]} Bxc3 {[%emt 0:00:14]} 7. Bxc3 {[%emt 0:00:02]} Bg4 {[%emt 0:00:01]}
8. Be2 {[%emt 0:00:06]} Nc6 {[%emt 0:00:05]} 9. O-O {[%emt 0:00:10]} Qd7 {
[%emt 0:00:48]} 10. Qd2 {[%emt 0:00:11]} h6 {[%emt 0:00:25]} 11. d4 {[%emt
0:00:06]} exd4 {[%emt 0:00:29]} 12. Nxd4 {[%emt 0:00:08]} Nxe4 {[%emt 0:00:18]}
13. Qd3 {[%emt 0:00:14]} Bxe2 {[%emt 0:00:18]} 14. Qxe2 {[%emt 0:00:07]} Nxc3 {
[%emt 0:00:10]} 15. bxc3 {[%emt 0:00:03]} Rfe8 {[%emt 0:00:03]} 16. Qh5 { [%emt
0:00:20]} Nxd4 {[%emt 0:00:07]} 17. cxd4 {[%emt 0:00:04]} Qa4 {[%emt 0:00:07]}
18. Qf5 {[%emt 0:00:20]} Re7 {[%emt 0:00:30]} 19. c3 {[%emt 0:00:28]} Rae8
{[%emt 0:00:05]} 20. Qf4 {[%emt 0:00:26]} Qc2 {[%emt 0:00:32]} 21. Qc1 { [%emt
0:00:17]} Qd3 {[%emt 0:00:48]} 22. Qe3 {[%emt 0:00:14]} Rxe3 {[%emt 0:00:09]}
23. fxe3 {[%emt 0:00:04]} Qxe3+ {[%emt 0:00:04]} 24. Kh1 {[%emt 0:00:07]} Qxc3
{[%emt 0:00:06]} 25. Ra2 {[%emt 0:00:16]} Re1 {[%emt 0:00:06]} 26. Kg1 { [%emt
0:00:10]} Rxf1+ {[%emt 0:00:07]} 27. Kxf1 {[%emt 0:00:02]} Qc4+ {[%emt
0:00:02]} 28. Re2 {[%emt 0:00:05]} Qxd4 {[%emt 0:00:04]} 29. Re8+ {[%emt
0:00:04] } Kh7 {[%emt 0:00:03]} 30. Re7 {[%emt 0:00:04]} c5 {[%emt 0:00:16]}
31. Rxf7 { [%emt 0:00:06]} Qc4+ {[%emt 0:00:06]} 32. Ke1 {[%emt 0:00:14]} Qxf7
{[%emt 0:00:03]} 33. g4 {[%emt 0:00:05]} Qe6+ {[%emt 0:00:06]} 34. Kf2 {[%emt
0:00:06]} c4 {[%emt 0:00:02]} 35. a4 {[%emt 0:00:04]} c3 {[%emt 0:00:03]} 36.
a5 { [%emt 0:00:00]} c2 {[%emt 0:00:02]} 37. a6 {[%emt 0:00:02]} bxa6 {[%emt
0:00:02]} 38. h4 {[%emt 0:00:04]} Qxg4 {[%emt 0:00:03]} 39. h5 {[%emt 0:00:02]}
Qxh5 {[%emt 0:00:03]} 40. Kg2 {[%emt 0:00:15]} Qf5 {[%emt 0:00:06]} 41. Kg3 {
[%emt 0:00:05]} c1=Q {[%emt 0:00:03]} 42. Kg2 {[%emt 0:00:13]} Qcf1+ {[%emt
0:00:03]} 43. Kg3 {[%emt 0:00:03]} Q1f3+ {[%emt 0:00:06]} 44. Kh2 {[%emt
0:00:09] } Q5h3+ {[%emt 0:00:13]} 0-1

[Event "DSJ Weihnachtsturnier U16: Steinitz 2020"]
[Site ""]
[Date "2020.12.28"]
[Round "5"]
[White "Mochtak, Maximilian"]
[Black "Aue, Samuel"]
[Result "1-0"]
[Termination "normal"]
[Board "14.3"]
[WhiteElo "1007"]
[BlackElo "942"]
[WhiteTeam "TuS Makkabi Rostock 3"]
[BlackTeam "SK Wilhelmsburg 1936"]
[PlyCount "119"]
[WhiteFideId "34618562"]
[BlackFideId "34650164"]
[EventRounds "7"]
[EventType "team-swiss"]
[EventDate "2020.12.28"]

1. d4 {[%emt 0:00:14]} d5 {[%emt 0:00:03]} 2. c4 {[%emt 0:00:10]} c6 {[%emt
0:00:06]} 3. Nc3 {[%emt 0:00:06]} Nf6 {[%emt 0:00:04]} 4. Nf3 {[%emt 0:00:13]}
Bf5 {[%emt 0:00:16]} 5. Bf4 {[%emt 0:00:09]} e6 {[%emt 0:00:07]} 6. e3 { [%emt
0:00:07]} Nbd7 {[%emt 0:00:04]} 7. Bd3 {[%emt 0:00:35]} Bxd3 {[%emt 0:00:04]}
8. Qxd3 {[%emt 0:00:08]} Be7 {[%emt 0:00:05]} 9. O-O {[%emt 0:00:08]} O-O
{[%emt 0:00:04]} 10. Ng5 {[%emt 0:00:11]} g6 {[%emt 0:00:07]} 11. h3 {[%emt
0:00:36]} Nh5 {[%emt 0:00:08]} 12. g4 {[%emt 0:00:09]} Nxf4 {[%emt 0:00:02]}
13. exf4 {[%emt 0:00:05]} Bxg5 {[%emt 0:00:09]} 14. fxg5 {[%emt 0:00:06]} Qxg5
{ [%emt 0:00:02]} 15. f3 {[%emt 0:00:09]} Qh4 {[%emt 0:00:17]} 16. Kg2 {[%emt
0:00:10]} Rfe8 {[%emt 0:00:26]} 17. Rab1 {[%emt 0:00:17]} Rab8 {[%emt 0:00:04]}
18. Rbe1 {[%emt 0:00:07]} Nb6 {[%emt 0:00:04]} 19. a3 {[%emt 0:00:21]} Nxc4 {
[%emt 0:00:11]} 20. Rb1 {[%emt 0:00:23]} Qg5 {[%emt 0:00:15]} 21. Rfe1 { [%emt
0:00:14]} Qf4 {[%emt 0:00:33]} 22. a4 {[%emt 0:00:13]} Qd2+ {[%emt 0:00:36]}
23. Qxd2 {[%emt 0:00:08]} Nxd2 {[%emt 0:00:02]} 24. Rbc1 {[%emt 0:00:07]} Nc4
{[%emt 0:00:09]} 25. b3 {[%emt 0:00:13]} Nd6 {[%emt 0:00:08]} 26. b4 { [%emt
0:01:06]} Kg7 {[%emt 0:00:08]} 27. a5 {[%emt 0:00:24]} a6 {[%emt 0:00:08] } 28.
h4 {[%emt 0:00:11]} Kf6 {[%emt 0:00:11]} 29. g5+ {[%emt 0:00:20]} Kf5 { [%emt
0:00:05]} 30. Kg3 {[%emt 0:00:05]} Nc4 {[%emt 0:00:22]} 31. Na4 {[%emt
0:00:19]} e5 {[%emt 0:00:28]} 32. dxe5 {[%emt 0:00:24]} Rxe5 {[%emt 0:00:09]}
33. Rxe5+ {[%emt 0:00:11]} Nxe5 {[%emt 0:00:04]} 34. Nc3 {[%emt 0:00:14]} Rd8 {
[%emt 0:00:12]} 35. Re1 {[%emt 0:00:33]} d4 {[%emt 0:00:16]} 36. Na4 {[%emt
0:00:12]} d3 {[%emt 0:00:07]} 37. f4 {[%emt 0:00:20]} Rd5 {[%emt 0:00:18]} 38.
Nc3 {[%emt 0:00:06]} Rb5 {[%emt 0:00:04]} 39. Nxb5 {[%emt 0:00:09]} f6 { [%emt
0:00:16]} 40. fxe5 {[%emt 0:00:05]} fxe5 {[%emt 0:00:04]} 41. Nd6+ { [%emt
0:00:04]} Ke6 {[%emt 0:00:03]} 42. Nxb7 {[%emt 0:00:02]} Kd5 {[%emt 0:00:05]}
43. Kf3 {[%emt 0:00:15]} d2 {[%emt 0:00:03]} 44. Rd1 {[%emt 0:00:03]} e4+
{[%emt 0:00:01]} 45. Ke3 {[%emt 0:00:02]} Ke5 {[%emt 0:00:04]} 46. Rxd2 { [%emt
0:00:02]} Kf5 {[%emt 0:00:05]} 47. Rd4 {[%emt 0:00:23]} Ke5 {[%emt 0:00:12]}
48. Nc5 {[%emt 0:00:07]} Kf5 {[%emt 0:00:04]} 49. Nxa6 {[%emt 0:00:07]} Ke5
{[%emt 0:00:02]} 50. Nc5 {[%emt 0:00:02]} Kf5 {[%emt 0:00:08]} 51. Nxe4 { [%emt
0:00:02]} c5 {[%emt 0:00:05]} 52. Nxc5 {[%emt 0:00:03]} h6 {[%emt 0:00:05]} 53.
gxh6 {[%emt 0:00:03]} g5 {[%emt 0:00:02]} 54. hxg5 {[%emt 0:00:02]} Kxg5 {[%emt
0:00:02]} 55. a6 {[%emt 0:00:07]} Kxh6 {[%emt 0:00:02]} 56. a7 { [%emt
0:00:02]} Kh5 {[%emt 0:00:05]} 57. a8=Q {[%emt 0:00:02]} Kg5 {[%emt 0:00:02]}
58. Qf3 {[%emt 0:00:06]} Kg6 {[%emt 0:00:13]} 59. Rg4+ {[%emt 0:00:02]} Kh5
{[%emt 0:00:02]} 60. Qh3# {[%emt 0:00:02]} 1-0

[Event "DSJ Weihnachtsturnier U16: Steinitz 2020"]
[Site ""]
[Date "2020.12.28"]
[Round "6"]
[White "Herter, Arne"]
[Black "Yi, Danny"]
[Result "0-1"]
[Termination "normal"]
[Board "1.1"]
[BlackTitle "FM"]
[WhiteElo "1740"]
[BlackElo "2253"]
[WhiteTeam "Schachzwerge Magdeburg"]
[BlackTeam "SF 59 Kornwestheim"]
[PlyCount "86"]
[WhiteFideId "16255372"]
[BlackFideId "12988588"]
[EventRounds "7"]
[EventType "team-swiss"]
[EventDate "2020.12.28"]

1. e4 {[%emt 0:00:06]} e5 {[%emt 0:00:01]} 2. Nf3 {[%emt 0:00:01]} Nc6 { [%emt
0:00:01]} 3. d4 {[%emt 0:00:01]} exd4 {[%emt 0:00:01]} 4. Bc4 {[%emt 0:00:04]}
Nf6 {[%emt 0:00:01]} 5. O-O {[%emt 0:00:03]} d6 {[%emt 0:00:06]} 6. c3 {[%emt
0:00:06]} dxc3 {[%emt 0:00:13]} 7. Qb3 {[%emt 0:00:04]} Qd7 {[%emt 0:00:38]} 8.
Nxc3 {[%emt 0:00:32]} Na5 {[%emt 0:00:09]} 9. Qb5 {[%emt 0:00:06]} Nxc4 {[%emt
0:00:10]} 10. Qxc4 {[%emt 0:00:02]} Be7 {[%emt 0:00:06]} 11. Rd1 { [%emt
0:00:32]} Qc6 {[%emt 0:00:35]} 12. Qxc6+ {[%emt 0:00:15]} bxc6 {[%emt 0:00:01]}
13. e5 {[%emt 0:00:01]} Nd7 {[%emt 0:00:16]} 14. Bf4 {[%emt 0:00:06]} d5 {[%emt
0:00:12]} 15. Re1 {[%emt 0:00:16]} Nc5 {[%emt 0:00:14]} 16. Rad1 { [%emt
0:00:37]} Ne6 {[%emt 0:00:07]} 17. Bg3 {[%emt 0:00:03]} O-O {[%emt 0:00:06]}
18. Rc1 {[%emt 0:00:04]} Rb8 {[%emt 0:00:13]} 19. b3 {[%emt 0:00:05]} Ba3
{[%emt 0:00:10]} 20. Rc2 {[%emt 0:00:04]} Ba6 {[%emt 0:00:15]} 21. Rd1 { [%emt
0:00:10]} Rfd8 {[%emt 0:00:48]} 22. Nd4 {[%emt 0:00:11]} Bb7 {[%emt 0:01:39]}
23. f4 {[%emt 0:00:27]} Nxd4 {[%emt 0:00:04]} 24. Rxd4 {[%emt 0:00:03]} Bc5
{[%emt 0:00:01]} 25. Bf2 {[%emt 0:00:02]} Bxd4 {[%emt 0:00:15]} 26. Bxd4 {
[%emt 0:00:00]} c5 {[%emt 0:00:09]} 27. Bxc5 {[%emt 0:00:08]} d4 {[%emt
0:00:02]} 28. Nb5 {[%emt 0:00:06]} Be4 {[%emt 0:00:06]} 29. Re2 {[%emt
0:01:15]} Rxb5 {[%emt 0:00:03]} 30. b4 {[%emt 0:00:01]} d3 {[%emt 0:00:09]} 31.
Rd2 { [%emt 0:00:01]} a5 {[%emt 0:00:06]} 32. a3 {[%emt 0:00:02]} axb4 {[%emt
0:00:03]} 33. axb4 {[%emt 0:00:00]} f5 {[%emt 0:00:21]} 34. Kf2 {[%emt
0:00:06]} Ra8 {[%emt 0:00:07]} 35. Ke3 {[%emt 0:00:06]} Kf7 {[%emt 0:00:01]}
36. g4 {[%emt 0:00:03]} g6 {[%emt 0:00:02]} 37. h4 {[%emt 0:00:03]} Ra1 {[%emt
0:00:05]} 38. gxf5 {[%emt 0:00:13]} gxf5 {[%emt 0:00:02]} 39. Rh2 {[%emt
0:00:23]} Rb8 { [%emt 0:00:22]} 40. h5 {[%emt 0:00:14]} Rba8 {[%emt 0:00:05]}
41. Bd4 {[%emt 0:00:06]} R8a2 {[%emt 0:00:15]} 42. e6+ {[%emt 0:01:14]} Kxe6
{[%emt 0:00:04]} 43. Rh3 {[%emt 0:00:04]} Re1# {[%emt 0:00:04]} 0-1

[Event "DSJ Weihnachtsturnier U16: Steinitz 2020"]
[Site ""]
[Date "2020.12.28"]
[Round "6"]
[White "Afonso, Nils"]
[Black "Udelnov, Valentin"]
[Result "0-1"]
[Termination "normal"]
[Board "1.2"]
[WhiteElo "1960"]
[BlackElo "1748"]
[WhiteTeam "SF 59 Kornwestheim"]
[BlackTeam "Schachzwerge Magdeburg"]
[PlyCount "116"]
[WhiteFideId "12990582"]
[BlackFideId "16265734"]
[EventRounds "7"]
[EventType "team-swiss"]
[EventDate "2020.12.28"]

1. d4 {[%emt 0:00:06]} Nf6 {[%emt 0:00:03]} 2. c4 {[%emt 0:00:04]} g6 {[%emt
0:00:02]} 3. Nc3 {[%emt 0:00:01]} Bg7 {[%emt 0:00:02]} 4. e4 {[%emt 0:00:01]}
d6 {[%emt 0:00:01]} 5. f3 {[%emt 0:00:01]} O-O {[%emt 0:00:03]} 6. Bg5 {[%emt
0:00:02]} Nbd7 {[%emt 0:00:18]} 7. Qd2 {[%emt 0:00:06]} c5 {[%emt 0:00:19]} 8.
d5 {[%emt 0:00:02]} a6 {[%emt 0:00:31]} 9. a4 {[%emt 0:00:03]} Rb8 {[%emt
0:00:06] } 10. Nh3 {[%emt 0:00:11]} Qa5 {[%emt 0:00:25]} 11. Be2 {[%emt
0:00:11]} Ne5 { [%emt 0:01:41]} 12. Nf2 {[%emt 0:00:06]} Bd7 {[%emt 0:00:25]}
13. O-O {[%emt 0:00:04]} Qd8 {[%emt 0:00:19]} 14. h3 {[%emt 0:00:11]} Nh5
{[%emt 0:00:15]} 15. f4 {[%emt 0:00:16]} f6 {[%emt 0:00:25]} 16. Bh4 {[%emt
0:00:03]} Nf7 {[%emt 0:00:05]} 17. Bxh5 {[%emt 0:00:48]} gxh5 {[%emt 0:00:06]}
18. Nd3 {[%emt 0:00:02] } Kh8 {[%emt 0:00:13]} 19. Qe2 {[%emt 0:00:03]} Rg8
{[%emt 0:00:08]} 20. Qxh5 { [%emt 0:00:02]} Nh6 {[%emt 0:00:21]} 21. f5 {[%emt
0:00:20]} Be8 {[%emt 0:00:11]} 22. Qf3 {[%emt 0:00:07]} Nf7 {[%emt 0:00:04]}
23. Nf4 {[%emt 0:00:02]} Ne5 {[%emt 0:00:04]} 24. Qe2 {[%emt 0:00:01]} Bh6
{[%emt 0:00:08]} 25. Ne6 { [%emt 0:00:11]} Qa5 {[%emt 0:00:14]} 26. Nd1 {[%emt
0:00:41]} Bf7 {[%emt 0:00:07]} 27. Ne3 {[%emt 0:00:10]} Bxe6 {[%emt 0:00:06]}
28. fxe6 {[%emt 0:00:00]} Rg6 {[%emt 0:00:29]} 29. Nf5 {[%emt 0:00:19]} Rbg8
{[%emt 0:00:47]} 30. g3 { [%emt 0:00:23]} Qd8 {[%emt 0:00:10]} 31. Qh5 {[%emt
0:00:13]} Bg5 {[%emt 0:00:25]} 32. g4 {[%emt 0:01:01]} Bxh4 {[%emt 0:00:03]}
33. Qxh4 {[%emt 0:00:04]} Nxg4 {[%emt 0:00:22]} 34. Kh1 {[%emt 0:00:13]} Ne5
{[%emt 0:00:41]} 35. Rg1 { [%emt 0:00:28]} Rxg1+ {[%emt 0:00:05]} 36. Rxg1
{[%emt 0:00:06]} Rxg1+ { [%emt 0:00:01]} 37. Kxg1 {[%emt 0:00:01]} Nf3+ {[%emt
0:00:01]} 38. Kf2 { [%emt 0:00:01]} Nxh4 {[%emt 0:00:02]} 39. Nxh4 {[%emt
0:00:00]} Qa5 {[%emt 0:00:16]} 40. Nf5 {[%emt 0:00:02]} Qd2+ {[%emt 0:00:10]}
41. Kf3 {[%emt 0:00:02]} Qd3+ {[%emt 0:00:09]} 42. Kf4 {[%emt 0:00:01]} Qf1+
{[%emt 0:00:07]} 43. Kg4 { [%emt 0:00:02]} Qxc4 {[%emt 0:00:12]} 44. Kf4 {[%emt
0:00:11]} Qc1+ {[%emt 0:00:14]} 45. Kg4 {[%emt 0:00:05]} Qxb2 {[%emt 0:00:06]}
46. Nxe7 {[%emt 0:00:02] } Qe5 {[%emt 0:00:02]} 47. Kf3 {[%emt 0:00:03]} c4
{[%emt 0:00:01]} 48. Nf5 { [%emt 0:00:02]} c3 {[%emt 0:00:01]} 49. e7 {[%emt
0:00:05]} b5 {[%emt 0:00:01]} 50. Ke3 {[%emt 0:00:04]} bxa4 {[%emt 0:00:02]}
51. Kd3 {[%emt 0:00:03]} a3 { [%emt 0:00:01]} 52. Kc2 {[%emt 0:00:20]} a2
{[%emt 0:00:04]} 53. Kb3 {[%emt 0:00:02]} a1=Q {[%emt 0:00:05]} 54. Nxd6 {[%emt
0:00:02]} Qb2+ {[%emt 0:00:06]} 55. Kc4 {[%emt 0:00:02]} Qxe7 {[%emt 0:00:09]}
56. Nf5 {[%emt 0:00:01]} Qxe4+ { [%emt 0:00:02]} 57. Nd4 {[%emt 0:00:00]} c2
{[%emt 0:00:03]} 58. d6 {[%emt 0:00:05]} c1=Q# {[%emt 0:00:04]} 0-1

[Event "DSJ Weihnachtsturnier U16: Steinitz 2020"]
[Site ""]
[Date "2020.12.28"]
[Round "6"]
[White "Pohle, Saskia"]
[Black "Kluge, Malte"]
[Result "1/2-1/2"]
[Termination "normal"]
[Board "1.3"]
[WhiteElo "1815"]
[BlackElo "1652"]
[WhiteTeam "Schachzwerge Magdeburg"]
[BlackTeam "SF 59 Kornwestheim"]
[PlyCount "77"]
[WhiteFideId "16201604"]
[BlackFideId "16243838"]
[EventRounds "7"]
[EventType "team-swiss"]
[EventDate "2020.12.28"]

1. e4 {[%emt 0:00:02]} c5 {[%emt 0:00:04]} 2. Nf3 {[%emt 0:00:02]} Nc6 { [%emt
0:00:02]} 3. d4 {[%emt 0:00:01]} cxd4 {[%emt 0:00:02]} 4. Nxd4 {[%emt 0:00:01]}
g6 {[%emt 0:00:02]} 5. Nc3 {[%emt 0:00:07]} Bg7 {[%emt 0:00:02]} 6. Be3 {[%emt
0:00:02]} Nf6 {[%emt 0:00:05]} 7. f3 {[%emt 0:00:03]} O-O {[%emt 0:00:07]} 8.
Qd2 {[%emt 0:00:10]} d5 {[%emt 0:00:07]} 9. Be2 {[%emt 0:00:18]} e5 { [%emt
0:00:28]} 10. Nxc6 {[%emt 0:00:03]} bxc6 {[%emt 0:00:03]} 11. O-O { [%emt
0:00:06]} d4 {[%emt 0:00:07]} 12. Rad1 {[%emt 0:00:12]} Be6 {[%emt 0:00:52]}
13. Bg5 {[%emt 0:00:12]} dxc3 {[%emt 0:00:06]} 14. Qxc3 {[%emt 0:00:00]} Qb6+
{[%emt 0:00:06]} 15. Kh1 {[%emt 0:00:05]} h6 {[%emt 0:00:43]} 16. Be3 { [%emt
0:00:04]} Qc7 {[%emt 0:00:08]} 17. Qd2 {[%emt 0:00:25]} Rfd8 {[%emt 0:00:10]}
18. Qc1 {[%emt 0:00:06]} Kh7 {[%emt 0:00:59]} 19. Bd3 {[%emt 0:00:17]} c5
{[%emt 0:00:28]} 20. c4 {[%emt 0:00:02]} Rab8 {[%emt 0:00:12]} 21. b3 {[%emt
0:00:02]} Rd7 {[%emt 0:00:33]} 22. f4 {[%emt 0:00:14]} Ng4 {[%emt 0:00:18]} 23.
f5 {[%emt 0:00:14]} Nxe3 {[%emt 0:00:41]} 24. Qxe3 {[%emt 0:00:00]} Rbd8 {
[%emt 0:01:23]} 25. fxe6 {[%emt 0:00:07]} fxe6 {[%emt 0:00:01]} 26. Kg1 { [%emt
0:00:14]} Rd4 {[%emt 0:00:10]} 27. Qe2 {[%emt 0:00:31]} Qd7 {[%emt 0:00:08]}
28. Bc2 {[%emt 0:00:14]} Rd2 {[%emt 0:00:11]} 29. Qf3 {[%emt 0:00:26]} Rxd1
{[%emt 0:00:12]} 30. Rxd1 {[%emt 0:00:02]} Qe8 {[%emt 0:00:02]} 31. Rxd8 {
[%emt 0:00:09]} Qxd8 {[%emt 0:00:01]} 32. Qd3 {[%emt 0:00:02]} Qd4+ {[%emt
0:00:05]} 33. Qxd4 {[%emt 0:00:05]} exd4 {[%emt 0:00:02]} 34. Bd3 {[%emt
0:00:02] } e5 {[%emt 0:00:03]} 35. Kf2 {[%emt 0:00:04]} Bf6 {[%emt 0:00:03]}
36. g3 { [%emt 0:00:06]} Bg5 {[%emt 0:00:09]} 37. Ke2 {[%emt 0:00:20]} a5
{[%emt 0:00:03]} 38. a4 {[%emt 0:00:23]} Kg7 {[%emt 0:00:05]} 39. g4 {[%emt
0:00:31] Magdebg3-003 bietet Remis} 1/2-1/2